000 00783cam a22002651 4500
001 14742
003 BD-RjUL
005 20211208235701.0
008 140208s1964 xx 000 0 eng
035 _a(BD-RjUL)14796
035 _a(OCoLC)706077
040 _aDLC
_cOOxM
_dOCoLC
_dUk
_dDLC
_dBD-RjUL
_beng
041 _aeng
082 _a633.18
_bCHG
100 1 _aChandraratna, Modestus Fernando,
_d1910-
_945928
245 1 0 _aGenetics and breeding of rice /
_cM. F. Chandraratna.
260 _aLondon :
_bLongmans,
_c1964.
300 _aix, 389p :
_billus.;
_c23 cm.
490 0 _aTropical science series
504 _aIncludes Bibliography: p. [335]-379 and index.
650 0 _aRice
_xBreeding.
_945929
942 _2ddc
_cBK
999 _c14742
_d14742